| 000 | 05059nam a22005057a 4500 | ||
|---|---|---|---|
| 005 | 20090216142719.0 | ||
| 008 | 090216t xxu||||| |||| 00| 0 eng d | ||
| 010 | _aB-346146-165 | ||
| 020 |
_a9780670081967 _c699.00 |
||
| 035 | _aB-346146-165 | ||
| 037 | _bPansy Books | ||
| 040 |
_adpl _bEnglish |
||
| 082 | _a954.0532 | ||
| 100 | _aNilekani, Nandan | ||
| 245 |
_aImagining India : _bideas for the new century / _cby Nandan Nilekani |
||
| 260 |
_aNew Delhi _bPenguin Books _c2008 |
||
| 270 |
_a11 Community Centre, Panchsheel Park _bNew Delhi _e110017 |
||
| 300 |
_a531p.: _bb&w photos _c24cm.(Hb) |
||
| 500 | _aIncludes notes and index | ||
| 651 |
_aIndia _xEconomic policy |
||
| 651 |
_aIndia _xPolitics and government. |
||
| 651 |
_aIndia _xCivilization |
||
| 942 |
_2ddc _cEN _mNIL _h954.0532 |
||
| 999 |
_c23859 _d23859 |
||